[Event "Moscow Open 2016 A"]
[Site "?"]
[Date "2016.02.06"]
[Round "8.13"]
[White "Yuffa, Daniil"]
[Black "Korchmar, Vasiliy"]
[Result "0-1"]
[BlackElo "2405"]
[WhiteElo "2516"]
[LiveChessVersion "1.4.7"]

1. c4 {[%clk 1:30:29]} c6 {[%clk 1:30:53]} 2. e4 {[%clk 1:30:43]} d5
{[%clk 1:31:18]} 3. exd5 {[%clk 1:30:48]} cxd5 {[%clk 1:31:42]} 4. d4
{[%clk 1:31:01]} Nf6 {[%clk 1:32:06]} 5. Nc3 {[%clk 1:31:20]} g6 {[%clk 1:32:30]}
6. Qb3 {[%clk 1:30:09]} Bg7 {[%clk 1:32:45]} 7. cxd5 {[%clk 1:29:50]} O-O
{[%clk 1:33:09]} 8. Be2 {[%clk 1:26:11]} Qb6 {[%clk 1:33:30]} 9. Qxb6
{[%clk 1:21:33]} axb6 {[%clk 1:33:54]} 10. Bf4 {[%clk 1:21:12]} Na6
{[%clk 1:34:19]} 11. d6 {[%clk 1:20:04]} exd6 {[%clk 1:34:42]} 12. Bxd6
{[%clk 1:15:19]} Rd8 {[%clk 1:35:03]} 13. Be5 {[%clk 1:14:36]} Nb4
{[%clk 1:35:06]} 14. Kf1 {[%clk 1:14:49]} Nc6 {[%clk 1:27:11]} 15. Rd1
{[%clk 1:05:11]} Nxe5 {[%clk 1:26:55]} 16. dxe5 {[%clk 1:05:39]} Rxd1+
{[%clk 1:27:18]} 17. Bxd1 {[%clk 1:06:08]} Ng4 {[%clk 1:23:46]} 18. Nf3
{[%clk 1:00:51]} Be6 {[%clk 1:17:47]} 19. Nd4 {[%clk 0:48:07]} Bc4+
{[%clk 1:18:10]} 20. Be2 {[%clk 0:48:29]} Nxe5 {[%clk 1:18:34]} 21. b3
{[%clk 0:47:50]} Nc6 {[%clk 0:58:45]} 22. Nxc6 {[%clk 0:38:32]} Bxe2+
{[%clk 0:58:24]} 23. Kxe2 {[%clk 0:38:42]} bxc6 {[%clk 0:54:03]} 24. Rc1
{[%clk 0:38:40]} Bxc3 {[%clk 0:54:25]} 25. Rxc3 {[%clk 0:39:09]} Rxa2+
{[%clk 0:54:47]} 26. Ke3 {[%clk 0:39:24]} c5 {[%clk 0:55:01]} 27. Rd3
{[%clk 0:38:44]} Rb2 {[%clk 0:52:45]} 28. h4 {[%clk 0:38:36]} h5 {[%clk 0:52:10]}
29. g3 {[%clk 0:38:40]} Kf8 {[%clk 0:51:47]} 30. f3 {[%clk 0:37:54]} Ke7
{[%clk 0:52:05]} 31. Kf4 {[%clk 0:37:27]} Ke6 {[%clk 0:45:56]} 32. g4
{[%clk 0:34:04]} b5 {[%clk 0:44:27]} 33. gxh5 {[%clk 0:30:30]} gxh5
{[%clk 0:44:54]} 34. Re3+ {[%clk 0:26:13]} Kd5 {[%clk 0:36:55]} 35. Rd3+
{[%clk 0:26:38]} Kc6 {[%clk 0:36:07]} 36. Kg5 {[%clk 0:25:48]} c4
{[%clk 0:28:36]} 37. bxc4 {[%clk 0:26:04]} bxc4 {[%clk 0:29:02]} 38. Rd8
{[%clk 0:21:13]} Rb5+ {[%clk 0:29:18]} 39. Kf6 {[%clk 0:21:09]} Rc5
{[%clk 0:26:56]} 40. Kxf7 {[%clk 0:48:41]} c3 {[%clk 0:57:21]} 41. Rd1
{[%clk 0:48:55]} c2 {[%clk 0:50:43]} 42. Rc1 {[%clk 0:49:23]} Kd5
{[%clk 0:46:36]} 43. Kg6 {[%clk 0:49:26]} Ke5 {[%clk 0:34:34]} 44. Kxh5
{[%clk 0:48:46]} Kf5 {[%clk 0:34:55]} 45. Kh6 {[%clk 0:48:54]} Rc7
{[%clk 0:27:42]} 46. f4 {[%clk 0:46:38]} Kxf4 {[%clk 0:21:37]} 47. Kg6
{[%clk 0:46:11]} Rc6+ {[%clk 0:21:20]} 48. Kh5 {[%clk 0:42:05]} Rc5+
{[%clk 0:18:36]} 49. Kg6 {[%clk 0:42:31]} Kg4 {[%clk 0:17:48]} 50. Kf6
{[%clk 0:40:38]} Kxh4 {[%clk 0:16:55]} 51. Ke6 {[%clk 0:41:07]} Kg4
{[%clk 0:17:15]} 52. Kd6 {[%clk 0:41:34]} Rc8 {[%clk 0:17:41]} 53. Ke5
{[%clk 0:41:43]} Kf3 {[%clk 0:18:04]} 54. Kd4 {[%clk 0:42:07]} Ke2
{[%clk 0:18:29]} 0-1

[Event "Moscow Open 2016 A"]
[Site "?"]
[Date "2016.02.06"]
[Round "8.14"]
[White "Oganian, Miran"]
[Black "Lugovskoy, Maxim"]
[Result "1-0"]
[BlackElo "2489"]
[WhiteElo "2405"]
[LiveChessVersion "1.4.7"]

1. d4 {[%clk 1:29:16]} e6 {[%clk 1:29:50]} 2. c4 {[%clk 1:28:10]} f5
{[%clk 1:30:06]} 3. g3 {[%clk 1:23:59]} Nf6 {[%clk 1:28:18]} 4. Bg2
{[%clk 1:24:25]} Be7 {[%clk 1:26:30]} 5. Nh3 {[%clk 1:22:00]} O-O
{[%clk 1:26:51]} 6. O-O {[%clk 1:22:27]} d5 {[%clk 1:16:59]} 7. Nd2
{[%clk 1:20:02]} c6 {[%clk 1:14:02]} 8. Nf3 {[%clk 1:15:28]} Ne4 {[%clk 1:02:09]}
9. Ne5 {[%clk 0:50:49]} Nd7 {[%clk 0:59:27]} 10. Nxd7 {[%clk 0:45:54]} Bxd7
{[%clk 0:57:59]} 11. Nf4 {[%clk 0:46:16]} Bd6 {[%clk 0:52:18]} 12. Qc2
{[%clk 0:45:36]} Qe7 {[%clk 0:49:28]} 13. Nd3 {[%clk 0:43:22]} Kh8
{[%clk 0:40:56]} 14. Bf4 {[%clk 0:40:22]} Bxf4 {[%clk 0:29:09]} 15. Nxf4
{[%clk 0:38:39]} e5 {[%clk 0:27:24]} 16. dxe5 {[%clk 0:37:08]} Qxe5
{[%clk 0:23:46]} 17. Rfd1 {[%clk 0:24:19]} Be6 {[%clk 0:18:53]} 18. Nxe6
{[%clk 0:22:35]} Qxe6 {[%clk 0:18:27]} 19. cxd5 {[%clk 0:23:03]} cxd5
{[%clk 0:18:52]} 20. Qb3 {[%clk 0:23:10]} Nf6 {[%clk 0:17:11]} 21. e3
{[%clk 0:22:53]} Rfd8 {[%clk 0:13:43]} 22. Rd4 {[%clk 0:22:51]} Rd7
{[%clk 0:12:41]} 23. Rc1 {[%clk 0:19:09]} Rad8 {[%clk 0:12:09]} 24. Rb4
{[%clk 0:15:10]} b6 {[%clk 0:11:05]} 25. Rd4 {[%clk 0:15:05]} h6 {[%clk 0:11:03]}
26. Qa4 {[%clk 0:06:25]} Ne4 {[%clk 0:08:24]} 27. Rc6 {[%clk 0:06:10]} Qe7
{[%clk 0:07:34]} 28. Qc2 {[%clk 0:05:47]} Rd6 {[%clk 0:07:19]} 29. b4
{[%clk 0:03:40]} Rxc6 {[%clk 0:03:24]} 30. Qxc6 {[%clk 0:04:04]} Qd6
{[%clk 0:02:29]} 31. b5 {[%clk 0:01:22]} Qc5 {[%clk 0:00:48]} 32. Bf1 Nf6 33. Bd3
Qxc6 34. bxc6 Rc8 35. Bxf5 Rxc6 36. e4 Nxe4 37. Rxd5 Nd6 1-0

[Event "Moscow Open 2016 A"]
[Site "?"]
[Date "2016.02.06"]
[Round "8.15"]
[White "Gasanov, Eldar"]
[Black "Vokhidov, Shamsiddin"]
[Result "1-0"]
[BlackElo "2352"]
[WhiteElo "2488"]
[LiveChessVersion "1.4.7"]

1. d4 {[%clk 1:30:44]} Nf6 {[%clk 1:30:55]} 2. Nf3 {[%clk 1:30:53]} e6
{[%clk 1:31:13]} 3. Bf4 {[%clk 1:30:59]} b6 {[%clk 1:31:16]} 4. e3
{[%clk 1:31:01]} Bb7 {[%clk 1:31:28]} 5. h3 {[%clk 1:30:25]} c5 {[%clk 1:31:09]}
6. Bd3 {[%clk 1:29:21]} Be7 {[%clk 1:29:58]} 7. O-O {[%clk 1:27:45]} O-O
{[%clk 1:29:56]} 8. Nbd2 {[%clk 1:24:59]} cxd4 {[%clk 1:25:24]} 9. exd4
{[%clk 1:24:47]} Ba6 {[%clk 1:24:27]} 10. Nc4 {[%clk 1:21:28]} d6
{[%clk 1:22:14]} 11. c3 {[%clk 1:16:57]} Nc6 {[%clk 1:18:41]} 12. Re1
{[%clk 1:06:55]} Qd7 {[%clk 1:15:07]} 13. a4 {[%clk 0:58:39]} Rfc8
{[%clk 1:12:35]} 14. Qe2 {[%clk 0:55:20]} Qc7 {[%clk 1:12:12]} 15. Nfd2
{[%clk 0:51:53]} h6 {[%clk 1:09:30]} 16. Nxb6 {[%clk 0:47:20]} Qxb6
{[%clk 1:02:03]} 17. Bxa6 {[%clk 0:47:33]} Nd5 18. Bxc8 {[%clk 0:42:19]} Rxc8
{[%clk 1:00:47]} 19. Bg3 {[%clk 0:36:18]} Qxb2 {[%clk 0:59:59]} 20. Ne4
{[%clk 0:25:49]} Qxe2 {[%clk 0:59:50]} 21. Rxe2 {[%clk 0:23:43]} Nxc3
{[%clk 0:59:53]} 22. Nxc3 {[%clk 0:20:22]} Nxd4 {[%clk 1:00:18]} 23. Re4
{[%clk 0:11:22]} Nb3 {[%clk 0:59:27]} 24. Rb1 {[%clk 0:09:27]} Rxc3
{[%clk 0:59:22]} 25. Re3 {[%clk 0:09:31]} Rxe3 {[%clk 0:57:00]} 26. fxe3
{[%clk 0:09:58]} Nc5 {[%clk 0:57:29]} 27. Rb8+ {[%clk 0:09:36]} Kh7
{[%clk 0:57:58]} 28. a5 {[%clk 0:09:42]} Bg5 {[%clk 0:52:07]} 29. Bxd6
{[%clk 0:07:19]} Bxe3+ {[%clk 0:52:27]} 30. Kf1 {[%clk 0:07:47]} Ne4
{[%clk 0:51:45]} 31. Ke2 {[%clk 0:05:22]} Nxd6 {[%clk 0:49:36]} 32. Kxe3
{[%clk 0:05:47]} Nc4+ {[%clk 0:49:51]} 33. Kd4 {[%clk 0:05:17]} Nxa5
{[%clk 0:50:10]} 34. Kc5 {[%clk 0:05:15]} a6 {[%clk 0:50:37]} 35. Rb4
{[%clk 0:04:28]} Kg6 {[%clk 0:48:03]} 36. Kb6 {[%clk 0:04:35]} e5
{[%clk 0:48:17]} 37. Kxa5 {[%clk 0:03:54]} Kf5 {[%clk 0:48:41]} 38. Rb7
{[%clk 0:03:14]} Ke4 {[%clk 0:48:15]} 39. Rxf7 {[%clk 0:03:09]} g5
{[%clk 0:48:29]} 40. Rh7 {[%clk 0:31:05]} Kf4 {[%clk 1:16:19]} 41. Rxh6
{[%clk 0:29:50]} e4 {[%clk 1:16:45]} 42. Re6 {[%clk 0:28:47]} 1-0

[Event "Moscow Open 2016 A"]
[Site "?"]
[Date "2016.02.06"]
[Round "8.16"]
[White "Elistratov, Semen"]
[Black "Khismatullin, Denis"]
[Result "0-1"]
[BlackElo "2626"]
[WhiteElo "2277"]
[LiveChessVersion "1.4.7"]

1. e4 {[%clk 1:30:59]} c5 {[%clk 1:30:54]} 2. Nf3 {[%clk 1:31:24]} d6
{[%clk 1:31:16]} 3. d4 {[%clk 1:31:50]} cxd4 {[%clk 1:31:43]} 4. Nxd4
{[%clk 1:32:18]} Nf6 {[%clk 1:32:06]} 5. Nc3 {[%clk 1:32:45]} a6 {[%clk 1:32:26]}
6. Bg5 {[%clk 1:32:57]} Nbd7 {[%clk 1:31:22]} 7. Qe2 {[%clk 1:32:55]} h6
{[%clk 1:30:46]} 8. Bh4 {[%clk 1:33:07]} g6 {[%clk 1:30:42]} 9. f4
{[%clk 1:32:14]} e5 {[%clk 1:29:27]} 10. fxe5 {[%clk 1:30:50]} dxe5
{[%clk 1:27:30]} 11. O-O-O {[%clk 1:25:13]} Qc7 {[%clk 1:21:11]} 12. Nb3
{[%clk 1:25:31]} b5 {[%clk 1:09:08]} 13. Kb1 {[%clk 1:24:25]} Bg7
{[%clk 1:06:01]} 14. Nd5 {[%clk 1:19:39]} Nxd5 {[%clk 1:00:30]} 15. exd5
{[%clk 1:20:04]} Qd6 {[%clk 1:00:31]} 16. g4 {[%clk 1:16:55]} O-O
{[%clk 0:56:30]} 17. Bg2 {[%clk 1:16:36]} Nb6 {[%clk 0:56:29]} 18. Bf2
{[%clk 1:06:23]} Na4 {[%clk 0:54:54]} 19. Rhe1 {[%clk 0:56:00]} Bd7
{[%clk 0:40:09]} 20. Bg3 {[%clk 0:45:35]} Rfe8 {[%clk 0:36:15]} 21. Bf3
{[%clk 0:42:56]} Rac8 {[%clk 0:25:44]} 22. Rd2 {[%clk 0:27:52]} Nxb2
{[%clk 0:24:50]} 23. Kxb2 {[%clk 0:25:13]} e4+ {[%clk 0:24:19]} 24. c3
{[%clk 0:24:46]} Qb4 {[%clk 0:19:11]} 25. Kb1 {[%clk 0:22:20]} Rxc3
{[%clk 0:17:22]} 26. Bxe4 {[%clk 0:20:12]} f5 {[%clk 0:16:52]} 27. Rb2
{[%clk 0:18:31]} Rxg3 {[%clk 0:16:31]} 0-1

[Event "Moscow Open 2016 A"]
[Site "?"]
[Date "2016.02.06"]
[Round "8.17"]
[White "Kukhmazov, Arsen"]
[Black "Grachev, Boris"]
[Result "0-1"]
[BlackElo "2652"]
[WhiteElo "2414"]
[LiveChessVersion "1.4.7"]

1. d4 {[%clk 1:28:22]} Nf6 {[%clk 1:30:47]} 2. c4 {[%clk 1:27:54]} e6
{[%clk 1:30:38]} 3. Nf3 {[%clk 1:28:18]} b6 {[%clk 1:31:02]} 4. a3
{[%clk 1:28:39]} Ba6 {[%clk 1:30:48]} 5. Qc2 {[%clk 1:29:02]} Bb7
{[%clk 1:31:02]} 6. Nc3 {[%clk 1:29:26]} c5 {[%clk 1:31:26]} 7. e4
{[%clk 1:29:39]} cxd4 {[%clk 1:31:50]} 8. Nxd4 {[%clk 1:30:05]} Bc5
{[%clk 1:31:58]} 9. Nb3 {[%clk 1:30:30]} Nc6 {[%clk 1:32:18]} 10. Bg5
{[%clk 1:30:42]} h6 {[%clk 1:32:35]} 11. Bh4 {[%clk 1:30:45]} Nd4
{[%clk 1:32:52]} 12. Nxd4 {[%clk 1:31:10]} Bxd4 {[%clk 1:33:19]} 13. Rd1
{[%clk 1:23:58]} Bxc3+ {[%clk 1:29:15]} 14. Qxc3 {[%clk 1:22:47]} Bxe4
{[%clk 1:29:39]} 15. f3 {[%clk 1:23:07]} Bb7 {[%clk 1:13:41]} 16. Bg3
{[%clk 1:23:20]} O-O {[%clk 1:13:17]} 17. Bd6 {[%clk 1:23:46]} Re8
{[%clk 1:13:39]} 18. Kf2 {[%clk 1:24:02]} Rc8 {[%clk 1:08:06]} 19. Bd3
{[%clk 1:21:42]} b5 {[%clk 0:58:22]} 20. c5 {[%clk 1:20:50]} Bc6 {[%clk 0:54:06]}
21. Rhe1 {[%clk 1:14:01]} Nd5 {[%clk 0:52:56]} 22. Qd4 {[%clk 1:13:05]} Qa5
{[%clk 0:51:06]} 23. Be4 Qa4 {[%clk 0:43:40]} 24. Qxa4 {[%clk 0:38:48]} bxa4
{[%clk 0:43:55]} 25. Rd4 {[%clk 0:39:16]} a6 {[%clk 0:41:32]} 26. Bc2
{[%clk 0:37:26]} Nc7 {[%clk 0:40:46]} 27. Bxa4 {[%clk 0:36:46]} Nb5
{[%clk 0:41:08]} 28. Bxb5 {[%clk 0:36:59]} axb5 {[%clk 0:41:21]} 29. f4
{[%clk 0:36:20]} f6 {[%clk 0:40:28]} 30. Re3 {[%clk 0:36:34]} Kf7
{[%clk 0:39:08]} 31. Rd2 {[%clk 0:33:03]} g5 {[%clk 0:31:51]} 32. Rg3
{[%clk 0:22:50]} Rg8 {[%clk 0:30:12]} 33. Rdd3 {[%clk 0:22:24]} gxf4
{[%clk 0:26:41]} 34. Bxf4 {[%clk 0:22:39]} h5 {[%clk 0:27:04]} 35. Rxg8
{[%clk 0:12:13]} Rxg8 {[%clk 0:27:19]} 36. Rg3 {[%clk 0:12:41]} Rh8
{[%clk 0:21:18]} 37. h4 {[%clk 0:09:59]} e5 {[%clk 0:21:25]} 38. Bd2
{[%clk 0:08:27]} Ke6 {[%clk 0:15:53]} 39. Rg6 {[%clk 0:08:10]} Be4
{[%clk 0:15:58]} 40. Rg7 {[%clk 0:38:21]} Bf5 {[%clk 0:45:08]} 41. g3
{[%clk 0:30:01]} Kd5 {[%clk 0:40:53]} 42. Bb4 {[%clk 0:23:53]} Ra8
{[%clk 0:34:07]} 43. Rf7 {[%clk 0:23:39]} Ke6 {[%clk 0:34:30]} 44. Rg7
{[%clk 0:23:50]} Rc8 {[%clk 0:31:37]} 45. Ke3 {[%clk 0:23:49]} Rh8
{[%clk 0:32:02]} 46. Kf2 {[%clk 0:20:52]} Be4 {[%clk 0:32:19]} 47. Bd2
{[%clk 0:20:27]} d6 {[%clk 0:17:38]} 48. cxd6 {[%clk 0:20:25]} Kxd6
{[%clk 0:17:57]} 49. Bb4+ {[%clk 0:18:41]} Ke6 {[%clk 0:18:13]} 50. Re7+
{[%clk 0:17:41]} Kf5 {[%clk 0:18:31]} 51. Rd7 {[%clk 0:17:21]} Rc8
{[%clk 0:18:30]} 52. Bc3 {[%clk 0:17:36]} Ke6 {[%clk 0:18:51]} 53. Ra7
{[%clk 0:14:34]} Rd8 {[%clk 0:18:33]} 54. a4 {[%clk 0:08:44]} bxa4
{[%clk 0:18:22]} 55. Rxa4 {[%clk 0:09:06]} Kf5 {[%clk 0:18:22]} 56. Ra3
{[%clk 0:07:51]} Rd1 {[%clk 0:17:47]} 57. Be1 {[%clk 0:07:39]} Bd5
{[%clk 0:14:42]} 58. b4 {[%clk 0:07:37]} Rb1 {[%clk 0:15:04]} 59. Rd3
{[%clk 0:07:02]} Ke4 {[%clk 0:14:33]} 60. Re3+ {[%clk 0:04:23]} Kd4
{[%clk 0:14:13]} 61. Bc3+ {[%clk 0:04:48]} Kc4 {[%clk 0:14:39]} 62. Be1
{[%clk 0:04:51]} Be6 {[%clk 0:12:14]} 63. Rc3+ {[%clk 0:05:04]} Kd4
{[%clk 0:12:14]} 64. Rc6 {[%clk 0:05:23]} Rb2+ {[%clk 0:10:46]} 65. Kg1
{[%clk 0:05:48]} Kd5 {[%clk 0:11:06]} 66. Rc5+ {[%clk 0:06:01]} Ke4
{[%clk 0:11:13]} 67. Rc6 {[%clk 0:06:23]} Kf5 {[%clk 0:11:29]} 68. Rd6
{[%clk 0:06:42]} Bc4 {[%clk 0:11:20]} 69. Bc3 {[%clk 0:05:18]} Rb3
{[%clk 0:10:39]} 70. Be1 {[%clk 0:05:32]} Rb1 {[%clk 0:10:55]} 71. Kf2
{[%clk 0:05:58]} Rb2+ {[%clk 0:11:01]} 72. Bd2 {[%clk 0:04:18]} Ke4
{[%clk 0:11:21]} 73. Ke1 {[%clk 0:03:59]} Rb1+ {[%clk 0:10:55]} 74. Kf2
{[%clk 0:04:25]} Rd1 {[%clk 0:09:47]} 75. Rd8 {[%clk 0:03:56]} Rf1+
{[%clk 0:06:50]} 76. Kg2 {[%clk 0:04:23]} Rb1 {[%clk 0:06:43]} 77. Rd6
{[%clk 0:03:28]} Rb2 {[%clk 0:06:45]} 78. Kf2 {[%clk 0:03:17]} f5
{[%clk 0:06:46]} 79. Rd8 {[%clk 0:03:13]} Bb5 {[%clk 0:07:00]} 80. Rd6
{[%clk 0:03:33]} Bd3 {[%clk 0:07:15]} 81. Ke1 {[%clk 0:04:00]} Rb1+
{[%clk 0:07:41]} 82. Kf2 {[%clk 0:04:26]} Rf1+ {[%clk 0:08:07]} 83. Kg2
{[%clk 0:04:53]} Rd1 {[%clk 0:08:33]} 0-1

[Event "Moscow Open 2016 A"]
[Site "?"]
[Date "2016.02.06"]
[Round "8.18"]
[White "Frolyanov, Dmitry"]
[Black "Naumkin, Igor"]
[Result "0-1"]
[BlackElo "2403"]
[WhiteElo "2563"]
[LiveChessVersion "1.4.7"]

1. e4 {[%clk 1:30:57]} e6 {[%clk 1:30:41]} 2. d4 {[%clk 1:31:22]} d5
{[%clk 1:31:05]} 3. Nc3 {[%clk 1:31:48]} Nf6 {[%clk 1:31:25]} 4. e5
{[%clk 1:32:14]} Nfd7 {[%clk 1:31:45]} 5. f4 {[%clk 1:32:39]} c5 {[%clk 1:31:57]}
6. Nf3 {[%clk 1:33:03]} Nc6 {[%clk 1:32:08]} 7. Be3 {[%clk 1:33:26]} a6
{[%clk 1:32:02]} 8. Qd2 {[%clk 1:33:49]} b5 {[%clk 1:30:38]} 9. a3
{[%clk 1:34:11]} Bb7 {[%clk 1:30:10]} 10. Be2 {[%clk 1:30:22]} cxd4
{[%clk 1:26:15]} 11. Nxd4 {[%clk 1:30:45]} Nxd4 {[%clk 1:26:13]} 12. Bxd4
{[%clk 1:31:00]} Bc5 {[%clk 1:25:34]} 13. Bxc5 {[%clk 1:28:00]} Nxc5
{[%clk 1:23:59]} 14. Qd4 {[%clk 1:28:12]} Rc8 {[%clk 1:19:12]} 15. O-O
{[%clk 1:27:05]} O-O {[%clk 1:16:45]} 16. Rad1 {[%clk 1:26:25]} Qc7
{[%clk 1:11:49]} 17. Kh1 {[%clk 1:17:42]} f6 {[%clk 1:06:08]} 18. exf6
{[%clk 1:15:28]} Rxf6 {[%clk 1:03:54]} 19. Rf3 {[%clk 1:13:52]} Rcf8
{[%clk 0:48:16]} 20. Rdf1 {[%clk 1:12:29]} Ne4 {[%clk 0:40:59]} 21. Nxe4
{[%clk 1:03:55]} dxe4 {[%clk 0:40:59]} 22. Rc3 {[%clk 1:04:17]} Qb8
{[%clk 0:40:18]} 23. Qe3 {[%clk 0:47:00]} g5 {[%clk 0:26:10]} 24. g3
{[%clk 0:39:51]} gxf4 {[%clk 0:22:42]} 25. gxf4 {[%clk 0:39:02]} Rxf4
{[%clk 0:20:31]} 26. Rg1+ {[%clk 0:37:39]} Kh8 {[%clk 0:20:31]} 27. Rc5
{[%clk 0:36:25]} Rf2 {[%clk 0:12:24]} 28. Rh5 {[%clk 0:34:50]} Qf4
{[%clk 0:04:12]} 29. Rg3 {[%clk 0:18:17]} Qxe3 {[%clk 0:03:38]} 30. Rxe3
{[%clk 0:18:42]} Rg8 {[%clk 0:03:23]} 31. h4 {[%clk 0:19:06]} Rxe2
{[%clk 0:01:27]} 32. Rxe2 {[%clk 0:19:30]} e3+ {[%clk 0:01:48]} 33. Kh2
{[%clk 0:19:57]} Bf3 {[%clk 0:02:08]} 34. Rxe3 {[%clk 0:20:24]} Bxh5
{[%clk 0:02:26]} 35. Rxe6 {[%clk 0:20:50]} Rg6 {[%clk 0:01:50]} 36. Re5
{[%clk 0:20:39]} Bf3 {[%clk 0:01:47]} 37. Re3 {[%clk 0:19:58]} Bc6
{[%clk 0:01:22]} 38. Rc3 {[%clk 0:20:24]} Kg7 {[%clk 0:01:30]} 39. Kh3
{[%clk 0:20:47]} Bd7+ {[%clk 0:01:19]} 0-1

[Event "Moscow Open 2016 A"]
[Site "?"]
[Date "2016.02.07"]
[Round "9.1"]
[White "Gordievsky, Dmitry"]
[Black "Inarkiev, Ernesto"]
[Result "1-0"]
[BlackElo "2676"]
[WhiteElo "2506"]
[LiveChessVersion "1.4.7"]

1. d4 {[%clk 1:30:57]} d5 {[%clk 1:23:54]} 2. c4 {[%clk 1:31:23]} c6
{[%clk 1:24:20]} 3. Nc3 {[%clk 1:31:49]} Nf6 {[%clk 1:24:47]} 4. e3
{[%clk 1:32:16]} e6 {[%clk 1:24:28]} 5. Nf3 {[%clk 1:32:41]} Nbd7
{[%clk 1:24:54]} 6. Qc2 {[%clk 1:32:43]} Bd6 {[%clk 1:24:54]} 7. Bd3
{[%clk 1:32:33]} O-O {[%clk 1:25:16]} 8. O-O {[%clk 1:32:59]} dxc4
{[%clk 1:25:10]} 9. Bxc4 {[%clk 1:33:26]} b5 {[%clk 1:25:36]} 10. Be2
{[%clk 1:33:42]} a6 {[%clk 1:25:40]} 11. Ng5 {[%clk 1:28:08]} Qc7
{[%clk 1:12:14]} 12. e4 {[%clk 1:28:20]} h6 {[%clk 1:09:56]} 13. e5
{[%clk 1:27:28]} hxg5 {[%clk 1:10:22]} 14. exd6 {[%clk 1:27:55]} Qxd6
{[%clk 1:10:51]} 15. Bxg5 {[%clk 1:27:03]} Qxd4 {[%clk 1:11:19]} 16. Rad1
{[%clk 1:18:23]} Qc5 {[%clk 1:02:20]} 17. Be3 {[%clk 1:12:11]} Qf5
{[%clk 0:56:21]} 18. Bd3 {[%clk 0:52:33]} Qh5 {[%clk 0:55:01]} 19. Ne4
{[%clk 0:41:57]} Ng4 {[%clk 0:40:04]} 20. Bf4 {[%clk 0:38:42]} f5
{[%clk 0:40:03]} 21. Nd6 {[%clk 0:34:11]} g5 {[%clk 0:33:58]} 22. h3
{[%clk 0:25:24]} gxf4 {[%clk 0:33:29]} 23. hxg4 {[%clk 0:25:17]} fxg4
{[%clk 0:30:37]} 24. Bg6 {[%clk 0:23:48]} Qg5 {[%clk 0:23:08]} 25. Rfe1
{[%clk 0:17:27]} Nf6 {[%clk 0:23:06]} 26. Bf7+ {[%clk 0:17:14]} Kh8
{[%clk 0:20:31]} 27. Qc3 {[%clk 0:16:23]} Ra7 {[%clk 0:09:16]} 28. Re5
{[%clk 0:15:46]} Qg7 {[%clk 0:09:45]} 29. Bxe6 {[%clk 0:11:51]} Bxe6
{[%clk 0:10:10]} 30. Rxe6 {[%clk 0:12:19]} g3 {[%clk 0:03:36]} 31. fxg3
{[%clk 0:11:34]} fxg3 {[%clk 0:02:27]} 32. Rf1 {[%clk 0:06:33]} Nh7
{[%clk 0:02:14]} 33. Rxf8+ {[%clk 0:05:15]} Nxf8 {[%clk 0:02:43]} 34. Rf6
{[%clk 0:05:18]} Kh7 {[%clk 0:00:37]} 35. Nf5 {[%clk 0:04:24]} b4
{[%clk 0:00:42]} 36. Qxc6 {[%clk 0:03:16]} Qg4 {[%clk 0:00:35]} 37. Rh6+
{[%clk 0:02:31]} Kg8 {[%clk 0:01:04]} 38. Qd5+ {[%clk 0:02:29]} Rf7
{[%clk 0:01:33]} 39. Nd6 {[%clk 0:02:48]} Ne6 {[%clk 0:00:36]} 40. Rxe6
{[%clk 0:32:58]} Kg7 {[%clk 0:00:00]} 1-0

[Event "Moscow Open 2016 A"]
[Site "?"]
[Date "2016.02.07"]
[Round "9.2"]
[White "Korobov, Anton"]
[Black "Moskalenko, Alexander"]
[Result "1/2-1/2"]
[BlackElo "2442"]
[WhiteElo "2710"]
[LiveChessVersion "1.4.7"]

1. d4 {[%clk 1:30:57]} Nf6 {[%clk 1:16:55]} 2. c4 {[%clk 1:31:21]} e6
{[%clk 1:17:11]} 3. Nf3 {[%clk 1:31:45]} d5 {[%clk 1:17:38]} 4. Nc3
{[%clk 1:32:04]} Bb4 {[%clk 1:18:02]} 5. Bg5 {[%clk 1:32:19]} h6 {[%clk 1:18:21]}
6. Bxf6 {[%clk 1:32:36]} Qxf6 {[%clk 1:18:42]} 7. Qa4+ {[%clk 1:32:54]} Nc6
{[%clk 1:19:06]} 8. e3 {[%clk 1:33:19]} O-O {[%clk 1:15:14]} 9. Bd3
{[%clk 1:25:55]} dxc4 {[%clk 1:05:27]} 10. Bxc4 {[%clk 1:26:12]} e5
{[%clk 0:54:40]} 11. O-O {[%clk 1:25:56]} exd4 {[%clk 0:52:47]} 12. Nd5
{[%clk 1:25:56]} Qd6 {[%clk 0:53:10]} 13. a3 {[%clk 1:26:22]} Bc5
{[%clk 0:50:25]} 14. b4 {[%clk 1:18:15]} Bb6 {[%clk 0:50:51]} 15. Nxb6
{[%clk 1:18:27]} cxb6 {[%clk 0:51:16]} 16. b5 {[%clk 1:18:51]} Ne5
{[%clk 0:47:30]} 17. Nxd4 {[%clk 1:19:04]} Nxc4 {[%clk 0:46:00]} 18. Qxc4
{[%clk 1:19:14]} Bd7 {[%clk 0:46:08]} 19. Qe2 {[%clk 1:15:15]} Rfc8
{[%clk 0:44:59]} 20. Qf3 {[%clk 1:14:52]} Rc7 {[%clk 0:35:53]} 21. h3
{[%clk 1:13:05]} a6 {[%clk 0:28:17]} 22. a4 {[%clk 1:11:30]} Qe5 {[%clk 0:28:22]}
23. Rac1 {[%clk 1:04:19]} axb5 {[%clk 0:19:18]} 24. Rxc7 {[%clk 0:54:21]} Qxc7
{[%clk 0:19:43]} 25. axb5 {[%clk 0:54:46]} Ra4 {[%clk 0:18:11]} 26. Qe4
{[%clk 0:43:19]} Qc5 {[%clk 0:15:21]} 27. Rb1 {[%clk 0:38:42]} Bxb5
{[%clk 0:15:22]} 28. Qxb7 {[%clk 0:39:04]} Ra5 {[%clk 0:13:38]} 29. Nb3
{[%clk 0:25:40]} Qc2 {[%clk 0:13:09]} 30. Rc1 {[%clk 0:25:58]} Qxb3
{[%clk 0:13:31]} 31. Rc8+ {[%clk 0:26:22]} Be8 {[%clk 0:12:59]} 32. Rxe8+
{[%clk 0:26:45]} Kh7 {[%clk 0:13:26]} 33. Qc8 {[%clk 0:26:32]} Qb1+
{[%clk 0:10:13]} 34. Kh2 {[%clk 0:26:52]} Qf5 {[%clk 0:10:25]} 35. Rh8+
{[%clk 0:25:01]} Kg6 {[%clk 0:10:53]} 36. Qc6+ {[%clk 0:20:48]} Qf6
{[%clk 0:04:59]} 37. Qc2+ {[%clk 0:21:03]} Qf5 {[%clk 0:05:28]} 38. Qe2
{[%clk 0:21:27]} Re5 {[%clk 0:04:04]} 39. Qd2 {[%clk 0:17:21]} Re6
{[%clk 0:03:28]} 40. f4 {[%clk 0:43:44]} Qe4 {[%clk 0:31:56]} 41. Qd1
{[%clk 0:37:08]} Qxe3 {[%clk 0:22:42]} 42. Qg4+ {[%clk 0:36:44]} Kf6
{[%clk 0:23:11]} 43. Qh4+ {[%clk 0:32:36]} Kf5 {[%clk 0:21:30]} 44. Qg4+
{[%clk 0:31:37]} Kf6 {[%clk 0:21:52]} 1/2-1/2